000 01060nmm a2200349 a 4500
003 AR-X00000XY
005 20251128211917.0
008 167020s2000 ||||||||||||||000 | spa||
020 _a958-9393-84-5
040 _cAR-X00000XY
245 1 0 _aCerros de Bogotá
250 _a1ª ed.
260 _aBogotá
_bVillegas Editores
_c2000
300 0 _a285 p.
_bil., fot. col., mapas
500 0 _aDonación de la Embajada de Colombia en Buenos Aires
500 0 _aPatrocinio institucional de la Alcadía Mayor de Bogotá
650 4 _aGEOGRAFIA
650 4 _aTURISMO
650 4 _aPAISAJE
650 4 _aGEOLOGIA
650 4 _aMONTANAS
650 4 _aVEGETACION
651 4 _aColombia
651 4 _aBogotá
653 0 _aHISTORIA COLOMBIANA
700 1 _aVillegas, Benjamín
_edirector
700 1 _aRothkirch, Cristóbal von
_efotógrafo
700 1 _aPeñalosa Londoño, Enrique
_epresentación
710 2 _aUniversidad de los Andes [Colombia]
_bFacultad de Arquitectura. Centro de Investigaciones
942 _cBK
998 _cna-calidad
999 _c21586
_d21586